SD Eibar Squad 2025-2026 - Statistics

General Stats
  • This quiz has been taken 30 times
    8 since last reset
  • The average score is 19 of 26
Answer Stats
# Position Nation Player % Correct
23 DF Spain Anaitz Arbilla
100%
20 FW Spain Javi Martón
100%
13 GK Spain Jonmi Magunagoitia
100%
17 FW Spain José Corpas
100%
2 DF Spain Sergio Cubero
100%
16 MF Spain Ander Madariaga
83%
- Coach Spain Beñat San José
83%
15 DF Portugal Jair Amador
83%
5 MF Spain Javi Martínez
83%
9 FW Spain Jon Bautista
83%
10 FW Spain Jon Guruzeta
83%
24 DF Spain Juan Bernat
83%
8 MF Spain Peru Nolaskoain
83%
6 MF Spain Sergio Álvarez
83%
18 FW Spain Adu Ares
67%
22 DF Spain Álvaro Rodríguez
67%
24 DF Portugal Leonardo Buta
67%
1 GK Spain Luis López
67%
21 DF Spain Marco Moreno
67%
7 FW Spain Xeber Alkain
67%
30 MF Spain Aleix Garrido
50%
4 DF Spain Aritz Arambarri
50%
3 DF Spain Hodei Arrillaga
50%
11 MF Spain Jon Magunazelaia
50%
19 FW Spain Toni Villa
50%
14 MF Spain Lander Olaetxea
33%
No matching quizzes found
Score Distribution
Percent of People with Each Score
Percentile by Number Answered
Your Score History
You have not taken this quiz since the last reset